LEADER 01277nam a2200301 i 4500 001 000000116028 003 CaOOAMICUS 005 20030605000000.0 008 030605s1989 gw u000 u ger u 013 $a88717 020 $a3-7245-0681-3 020 $a3-545-24074-6 040 $aSeMil$bita 245 10$aFrieden in Gerechtigkeit :$bDokumente der Europäischen Ökumenischen Versammlung. 260 $aZürich :$bBenziger,$c1989. 260 $aBasel :$bFriedrich Reinhardt,$c1989. 300 $a382 p., [1] c. di tav. , 24 cm. 500 $aFondo Card. C.M. Martini. 650 4$aConsiglio Ecumenico delle Chiese - Atti di congressi.$0(OLS)http://semarc/subject/21327 850 $aSeMil 852 $aSeMil$W1$xVenegono$y1$m2K IV 1$j71511$B71511$CSeMilBibl$Z2$F105227 $81 941 1 $a4 961 $aOmaggio: Martini Card. Carlo Maria 996 $6020$a3-7245-0681-3$9(OLS)http://semarc/number/100015 996 $6020$a3-545-24074-6$9(OLS)http://semarc/number/100016 996 $6245$aFrieden in Gerechtigkeit :$bDokumente der Europäischen Ökumenischen Versammlung$9(OLS)http://semarc/title/170061 996 $6260$aBasel :$bFriedrich Reinhardt$9(OLS)http://semarc/publisher/31032 996 $6260$aZürich :$bBenziger$9(OLS)http://semarc/publisher/32388 LEADER 01072nam a2200217 i 4500 001 000000029318 003 CaOOAMICUS 005 20200604122157.0 008 180830s1999 fr u000 u und u 040 $aSeMil$bita 100 1 $aTorrell, Jean-Pierre,$c.$0(OLS)http://semarc/name/6946 245 13$aLe Christ en ses mystères :$bla vie et l'oeuvre de Jésus selon saint Thomas d'Aquin /$cJean-Pierre Torrell. 260 $aParis :$bDesclée,$c1999. 300 $a2 v. ;$c23 cm. 650 4$aCristologia - Storia - Medioevo.$0(OLS)http://semarc/subject/4685 650 4$aTommaso : d'Aquino - Pensiero teologico.$0(OLS)http://semarc/subject/2237 774 0 $tTome 1.$kJésus et Jésus-Christ $z2-7189-0950-1$w()76692 774 0 $tTome 2.$kJésus et Jésus-Christ $z2-7189-0951-X$w()76693 996 $6245$aLe Christ en ses mystères :$bla vie et l'oeuvre de Jésus selon saint Thomas d'Aquin$9(OLS)http://semarc/title/39823 996 $6260$aParis :$bDesclée$9(OLS)http://semarc/publisher/29855